000 00630nam a2200193Ia 4500
003 GCL
008 140319s9999 xx 000 0 ara d
040 _aGCL /
_cGCL
082 0 4 _a810.998
_bن ع
100 1 _aنعيمة مراد محمد
245 1 0 _aالعصبة الاندلسية: هجرة الادب العربى الى امريكا الجنوبية /
_cنعيمة مراد محمد
260 _a[S.N] :
_bمنشاة المعارف الاسلامية ،
_c1977
300 _a271 ص
490 _a
650 0 4 _aالادب العربى
650 0 4 _aالمهجر
650 0 4 _aتاريخ ونقد
942 _2ddc
_cBK
999 _c32055
_d32055